01267nam a22002895a 4500999001500000003000900015005001700024008004100041020001500082020001800097040004600115082001700161245003200178250002000210264004800230300003000278336002600308337002800334338002700362520032800389590001800717650005000735653002500785655001700810942001900827952013100846 c1947d1947EG-ScBUE20191209140710.0100920s2006 stk f d 000 0 eng d a0007232306 a9780007232307 aEG-ScBUE bengerdacEG-ScBUE dEG-ScBUE 04a423bCOL22200aCollins English dictionary. aEighth edition. 1aGlasgow :bHarperCollins Publishers,c2006. axiii, 1872 pages ;c27 cm 2rdacontentatextbtxt 2rdamediaaunmediatedbn 2rdacarrieravolumebnc aOffering coverage of world, regional and dialect English, this dictionary includes coverage of geographical, scientific, and technical entries. Written by a team of leading academic experts, it gives advice on using the right word in the right place, and features many word histories that trace the roots of modern English. ashimaahishaim 7aEnglish languagexDictionaries.2BUEsh919603 bHHUUEENNcAugust2018 vReading book 2ddccREFERENCE 00102ddc40708unknownaMAINbMAINc0THd2007-02-05ePurchasel0o423 COLp000002326r2025-07-15 00:00:00v283.00yREFERENCE